Catalysing cooperative movement in India: Prospects of ministry of cooperation (Record no. 521348)

000 -LEADER
fixed length control field 01454nam a22001577a 4500
008 - FIXED-LENGTH DATA ELEMENTS--GENERAL INFORMATION
fixed length control field 230127b ||||| |||| 00| 0 eng d
100 ## - MAIN ENTRY--PERSONAL NAME
Personal name Thomas, Vineeth
245 ## - TITLE STATEMENT
Title Catalysing cooperative movement in India: Prospects of ministry of cooperation
260 ## - PUBLICATION, DISTRIBUTION, ETC. (IMPRINT)
Place of publication, distribution, etc Bihar Journal of Public Administration
300 ## - PHYSICAL DESCRIPTION
Extent 19(1), Jan-Jun, 2022: p.114-121
520 ## - SUMMARY, ETC.
Summary, etc Cooperatives have been beneficial to society in almost all the spheres of life like social, cultural and economic. On the other hand present Union Government, has placed greater premium on it by establishing a separate Ministry to strengthen the cooperative movement. Thus the present paper intends to underline the usefulness of cooperatives and prospects of the newly formed Ministry. It addresses the questions like how cooperative societies are instrumental in the Indian economy by creating values for their stakeholders in multiple ways such as mutualism, prosperity, inclusion, sustainable development, democratic outlook and financial support. After identifying India’s cooperative sector benefits and challenges, the author has evaluated the significance of the Government of India’s decision to establish the Ministry of Cooperation on 6 July 2021. – Reproduced
650 ## - SUBJECT ADDED ENTRY--TOPICAL TERM
Topical term or geographic name as entry element Cooperatives, Financial inclusion, Ministry of cooperation, Prosperity, India.
9 (RLIN) 35085
773 ## - HOST ITEM ENTRY
Main entry heading Bihar Journal of Public Administration
906 ## - LOCAL DATA ELEMENT F, LDF (RLIN)
Subject DIP CO-OPERATIVES
942 ## - ADDED ENTRY ELEMENTS (KOHA)
Item type Articles
Holdings
Withdrawn status Lost status Source of classification or shelving scheme Damaged status Not for loan Permanent location Current location Date acquired Serial Enumeration / chronology Barcode Date last seen Koha item type
          Indian Institute of Public Administration Indian Institute of Public Administration 2023-01-27 19(1), Jan-Jun, 2022: p.114-121 AR127870 2023-01-27 Articles

Powered by Koha